000 00259nam a2200121 a 4500
008 100720s1999|||| d
100 1 _aSteelova, Danielle
245 1 0 _aDvojník
260 _bIkar
_aPraha
_c1999
020 _c139
041 _acze
044 _aCZ
999 _c7561
_d7561